Economic development of Slovakia in 2007 (a study prepared on behalf of the United Nations Economic commission for Europe)

Podrobná bibliografia
Hlavní autori: Okáli, Ivan, 1929- (Autor), Frank, Karol (Autor), Gabrielová, Herta, 1935-2022 (Autor), Jeck, Tomáš (Autor), Morvay, Karol, 1973- (Autor), Pobudová, Daniela, 1982- (Autor), Šikulová, Ivana, 1978- (Autor)
Ďalší autori: Cepková, Valéria (Prekladateľ)
Médium: Kniha
Jazyk:angličtina
slovenčina
Fyzický popis:78 s. grafy, tab. 21 cm
Vydavateľské údaje: Bratislava Institute of Economic Research of Slovak Academy of Sciences 2008
ISBN:9788071441649
Vydanie:[1st ed.]
Predmet:

MARC

LEADER 00000nam a2200000 a 4500
001 vtls009338237
003 SK-MaSNL
005 20260425232548.0
008 240314s2008 xo dl f 000 0 eng
015 |a SNBA2008/09-04365 
020 |a 9788071441649  |q (brož.) 
035 |a 0A790135-2274-409D-B8A6-FDDECD730965 
035 |a urn:nbn:sk:snk-amjezj 
035 |a urn:nbn:sk:snk-am003sv6 
040 |a SNK  |b slo  |c SNK  |e AACR2 
041 1 |a eng  |h slo 
043 |a e-xo--- 
044 |a xo  |c SK 
072 7 |a 330.5+338  |x Národné hospodárstvo a hospodárska politika  |2 konspekt 
080 |a 330.5+338  |2 2001 
080 |a 330.35  |2 2001 
080 |a 330.34  |2 2001 
080 |a 331.5  |2 2001 
080 |a 336.74:338.23  |2 2001 
080 |a (048.8)  |2 2001 
080 |a (437.6)  |2 2001 
100 1 |a Okáli, Ivan,  |d 1929-  |4 aut  |9 117216 
245 1 0 |a Economic development of Slovakia in 2007  |b (a study prepared on behalf of the United Nations Economic commission for Europe)  |c Ivan Okáli ... [et al.] ; [translation: Valéria Cepková] 
250 |a [1st ed.] 
260 |a Bratislava  |b Institute of Economic Research of Slovak Academy of Sciences  |c 2008 
300 |a 78 s.  |b grafy, tab.  |c 21 cm 
648 7 |a 2007  |2 SNKPH  |9 313226 
650 0 7 |a národné hospodárstvo  |2 SNKPH  |9 846 
650 0 7 |a ekonomický rozvoj  |2 SNKPH  |9 49952 
650 0 7 |a trh práce  |2 SNKPH  |9 2371 
650 0 7 |a menová politika  |2 SNKPH  |9 2307 
651 7 |a Slovensko  |2 SNKPH  |9 14231 
655 7 |a štúdie  |2 SNKPH  |9 57033 
700 1 |a Cepková, Valéria  |4 trl  |9 41071 
700 1 |a Frank, Karol  |4 aut  |9 27964 
700 1 |a Gabrielová, Herta,  |d 1935-2022  |4 aut  |9 117917 
700 1 |a Jeck, Tomáš  |4 aut  |9 91111 
700 1 |a Morvay, Karol,  |d 1973-  |4 aut  |9 14372 
700 1 |a Pobudová, Daniela,  |d 1982-  |4 aut  |9 216275 
700 1 |a Šikulová, Ivana,  |d 1978-  |4 aut  |9 25517 
919 |a 978-80-7144-164-9 
958 |a OND 
958 |a OP 
968 |a Eng  |b SLO  |d 33 
999 |c 742986  |d 744916 
952 |a SNK  |b SNK  |y PREZ  |7 0  |p 17A0596039  |o snkSB 56828/2007  |i snk2008/17662  |8 0  |0 0  |1 0  |4 0  |d 2008-09-25  |l 0  |r 2025-04-02 00:00:00  |w 2026-02-23 
952 |a SNK  |b SNK  |y VYP  |7 0  |p 17A0596081  |o snkSB 56828/2007 D1  |i snk2008/17663  |8 0  |0 0  |1 0  |4 0  |d 2008-09-25  |f 1  |l 0  |r 2026-02-23 23:06:04  |w 2026-02-23